| 000 | 01003nam a2200253Ia 4500 | ||
|---|---|---|---|
| 003 | IN-BaIIA | ||
| 008 | 211028s9999 xx 000 0 eng d | ||
| 020 | _a978-1-58381-862-6 | ||
| 040 | _cIIA Library | ||
| 080 |
_a082.2:52 _bASP-489 |
||
| 111 |
_aWorkshop on Solar Polarization _n7th _cKunming, China _d2013 _936331 |
||
| 245 | 0 |
_aSolar polarization 7 _bproceedings of workshop held in Expo garden hotel, Kunming, China, September 9-13, 2013 _cedited by K. N. Nagendra…[et al.] |
|
| 260 |
_aSan Francisco _bAstronomical Society of the Pacific _c2014 |
||
| 300 | _a[various pagings.] | ||
| 490 | _aAstronomical Society of the Pacific conference series; v. 489 | ||
| 650 |
_aPolarization (Light) - congresses _931111 |
||
| 650 | _aSolar magnetic fields - congresses | ||
| 650 |
_aSolar polarimetry - congresses _931113 |
||
| 700 |
_aNagendra, K. N., ed. _922574 |
||
| 700 |
_aQu, Z. Q., ed. _936332 |
||
| 700 |
_aSampoorna, M., ed. _936333 |
||
| 700 |
_aStenflo, J. O., ed. _913277 |
||
| 942 | _cBK | ||
| 999 |
_c19029 _d19029 |
||